LDR 00718naa#a2200193#i#450# 001 EN\\bibl\120556 005 20260417202151.5 011 ## _a2073-5537 100 ## _a20260416b2026####ek#y0engy0150####ca 102 ## _aRU 200 1# _aFormation of an effective model of adult medical examination in a medical institution _eJournal article 210 1# _aAstrakhan _cAstrakhan State Technical University _d2026 215 ## _a7 с. 608 ## _aJournal article _2local 675 ## _aПроизводственные планы. Экономическое планирование. 338.984 _z 700 #1 _aTaraskina _gYulia Victorovna 700 #1 _aShendo _gMaria Vladimirovna 700 #1 _aLuneva _gTatiana Viktorovna 856 4# _avestnik.astu.org _u